| 000 | 00487nam a2200157 4500 | ||
|---|---|---|---|
| 001 | 118962 | ||
| 003 | ES-MaACL | ||
| 005 | 20230906191219.0 | ||
| 007 | t| | ||
| 008 | 070214s1974 fr r ||||1| fre d | ||
| 100 | 1 |
_aPeyrefitte, Alain. _991598 |
|
| 245 | 1 | 0 |
_aQuand la Chine s'éveillera--le monde tremblera _b: regards sur la voie chinoise / _cAlain Peyrefitte. |
| 260 |
_aParis : _bFayard, _c1974. |
||
| 300 |
_aXX, 475 p., 8 lám. ; _c24 cm. |
||
| 852 |
_aES-MaACL _jA-3967 _bR.89795 |
||
| 999 |
_c118962 _d118962 |
||